LEADER 00915nam0 2200289 450 001 9911068125303321 005 20260313111754.0 010 $a8806142305 010 $a9788806142308 100 $a20260313d1996----km y0itay50 ba 101 0 $aita 102 $aIT 105 $ay 001yy 200 1 $aDiario partigiano$fAda Gobetti Marchesini Prospero$gintroduzione di Goffredo Fofi$gnota di Italo Calvino$gpostfazione di Bianca Guidetti Serra 210 $aTorino$cEinaudi$d1996 215 $a439 p.$d20 cm 225 1 $aEinaudi Tascabili$iLetteratura$v394 610 0 $aResistenza$aPartigiani$aDiari e memorie 676 $a945.0916$v22$zita 700 1$aMarchesini Gobetti,$bAda$f<1902-1968>$0402686 801 0$aIT$bUNINA$gREICAT$2UNIMARC 901 $aBK 912 $a9911068125303321 952 $aSCA / GOB 1$b13502$fBFS 959 $aBFS 996 $aDiario partigiano$94551963 997 $aUNINA